Soingya abhidhan (Record no. 9857)

MARC details
000 -LEADER
fixed length control field 00523cam a2200205ua 4500
001 - CONTROL NUMBER
control field 10911
005 - DATE AND TIME OF LATEST TRANSACTION
control field 20260515114658.0
008 - FIXED-LENGTH DATA ELEMENTS--GENERAL INFORMATION
fixed length control field 190624n ii |||gr||||Z||||||asm
040 ## - CATALOGING SOURCE
Transcribing agency MAIN
041 ## - LANGUAGE CODE
Language code of text/sound track or separate title asm
082 ## - DEWEY DECIMAL CLASSIFICATION NUMBER
Classification number 491.45103
100 ## - MAIN ENTRY--PERSONAL NAME
Personal name Santanu Kausik Baruah,
Relator term Author.
245 ## - TITLE STATEMENT
Title Soingya abhidhan
Statement of responsibility, etc. By Santanu Kausik Baruah
250 ## - EDITION STATEMENT
Edition statement 2nd ed.
260 ## - PUBLICATION, DISTRIBUTION, ETC.
Place of publication, distribution, etc. Guwahati:
Name of publisher, distributor, etc. Jyoti prakashan,
Date of publication, distribution, etc. 2011.
300 ## - PHYSICAL DESCRIPTION
Extent 400p.
653 ## - INDEX TERM--UNCONTROLLED
Uncontrolled term Multi disciplinary dictionary
653 ## - INDEX TERM--UNCONTROLLED
Uncontrolled term Assamese dictionary
942 ## - ADDED ENTRY ELEMENTS (KOHA)
Koha item type Books
Holdings
Withdrawn status Lost status Damaged status Not for loan Home library Current library Shelving location Date acquired Total checkouts Full call number Barcode Date last seen Copy number Price effective from Koha item type
        Naharkatiya College Library Naharkatiya College Library General stacks 09/19/2020   491.45103 | BAR 24071 09/19/2020 1 09/19/2020 Books
        Naharkatiya College Library Naharkatiya College Library General stacks 09/19/2020   491.45103Dictionary | BAR 24072 09/19/2020 2 09/19/2020 Books